00322nam a2200121Ia 45000030006000000080041000060400015000471000040000622450060001022600009001625460012001710050017001830STCL150530s9999 xx 000 0 und d aSTCLcSTCL aInternational Co-operative Alliance aRole of co operation in social and economic development c1966 aEnglish20220125165514.0